000 00183nam a2200073Ia 4500
008 170523s9999 xx 000 0 und d
100 _aLehpamer- Harvey
245 0 _aMicrowave Transmission Networks
260 _aT.M.H.
999 _c12240
_d12240